Les pays qui ont changé de nom - Statistiques

Statistiques générales
  • Ce quiz a été pris 214 fois
  • Le résultat moyen est 9 sur 13
Statistiques - réponses
Ancien nom Nouveau nom % Correct
Perse Iran
92%
Macédoine Macedoine du nord
87%
Zaïre RD Congo
86%
Swaziland Eswatini
83%
Birmanie Myanmar
79%
Guyane Néerlandaise Suriname
75%
Pakistan orientale Bangladesh
70%
Siam Thailande
66%
Honduras Britannique Belize
61%
Celyan Sri lanka
55%
Rhodésie du sud Zimbabwe
53%
Haute-volta Burkina Faso
49%
République du Dahomey Bénin
32%
Aucun quiz correspondant
Distribution des résultats
% des personnes avec chaque résultat
Percentile par nombre de réponses
Votre historique - résultats
Vous n’avez pas pris ce quiz